01246pab a2200217 454500008004000000100002600040245009300066260000900159300001300168362001200181520057200193650002100765650002100786650001800807700001700825700002200842773003300864909001000897999001700907952010400924180718b1995 xxu||||| |||| 00| 0 eng d aChadwin, Mark Lincoln aDealing with thembpreparing state and local officials for the cross-cultural challenge. c1995 ap.517-21 aNov-Dec a"What can state and local officials do to prepare themselves for their role in the global economy? With state and local governments expanding their efforts to promote exports and attract foreign investment, encounters with officials from foreign corporations and government have increased. The issue of how to prepare for these cross-cultural encounters is rarely addressed. This article provides some tools for thinking systematically about techniques for cross-cultural training and making cost-efficient decisions about appropriate actions in different situations" aPublic officials aLocal government aCivil service aKim, Pan Suk aRogers, Sandra E. aPublic Administration Review a30195 c30195d30195 00104070aIIPAbIIPAd2018-07-19hVolume no: 55, Issue no: 6pAR30341r2018-07-19w2018-07-19yAR